000 00250nam a2200097Ia 4500
001 1206942
005 20251010144532.0
008 250824s9999 xx 000 0 und d
245 0 _aMANAS DESTANI
_cABDÜLKADİR İNAN
260 _bKÜLTÜR YAYINLARI
999 _c1206942
_d1206942